000 00298nam a22001337a 4500
008 210309b ||||| |||| 00| 0 eng d
020 _a9780136065661
041 _aeng
080 _2336
_a336
100 _a57
101 _aFIN
245 _aSlater college Accounting
_cPearson
942 _2udc
_cBK
999 _c56048
_d56048